00745nam a2200241 a 4500001001300000003000900013005001700022008004100039020002500080082001600105100002100121245007500142260004800217300000900265500003500274505001000309650001400319700002100333902000800354942000700362952011700369999001700486nice12345678IN_TiNIC20260116013209.0050524s1994 sana grp 000 0 eng  a1555427 c977.500a303.69bSCH aSchwarz, Roger M aSkilled Faciliatorb Practical Wisdom for Developing Effective Groups. aSan FranciscobJossey-Bass Publishersc1994 a314p aincludes index and biblioraphy2 aIndex aMediation1 aSchwarz, Roger M bSRS cBK 001040708StackRoom-aHMIbHMId2008-04-02g977.50l0o303.69 SCHp019939r2008-04-02v977.50w2005-05-24yBK c10078d10078